书目信息 |
| 题名: |
销售人员管理控制
|
|
| 作者: | 吕涛 著 | |
| 分册: | ||
| 出版信息: | 北京 中国经济出版社 2007.01 |
|
| 页数: | 247页 | |
| 开本: | 21cm | |
| 丛书名: | ||
| 单 册: | ||
| 中图分类: | F274 | |
| 科图分类: | ||
| 主题词: | 企业管理--qi ye guan li--销售管理--研究 | |
| 电子资源: | ||
| ISBN: | 7-5017-7814-0 | |
| 000 | 00902nam0 2200253 450 | |
| 001 | 012008788140 | |
| 005 | 20080703110345.84 | |
| 010 | @a7-5017-7814-0@dCNY25.00 | |
| 100 | @a20080703d2007 em y0chiy0120 ea | |
| 101 | 0 | @achi |
| 102 | @aCN@b110000 | |
| 105 | @ay z 000yy | |
| 106 | @ar | |
| 200 | 1 | @a销售人员管理控制@Axiao shou ren yuan guan li kong zhi@e理论与实证研究@f吕涛著@Flu tao zhu |
| 210 | @a北京@c中国经济出版社@d2007.01 | |
| 215 | @a247页@d21cm | |
| 330 | @a本书结合中国企业实际,探讨了销售人员管理控制的起因、内涵与特点,系统研究了销售人员管理控制方式与选择。 | |
| 510 | 1 | @aSalesperson management control@eTheoretical and empirical study@zeng |
| 517 | 1 | @a理论与实证研究@Ali lun yu shi zheng yan jiu |
| 606 | 0 | @a企业管理@Aqi ye guan li@x销售管理@x研究 |
| 690 | @aF274@v4 | |
| 701 | 0 | @a吕涛@Alu tao@4著 |
| 801 | 0 | @aCN@bQSSK@c20080703 |
| 905 | @b730674-76@dF274@eL898@f3 | |
| 销售人员管理控制:理论与实证研究/吕涛著.-北京:中国经济出版社,2007.01 |
| 247页;21cm |
| ISBN 7-5017-7814-0:CNY25.00 |
| 本书结合中国企业实际,探讨了销售人员管理控制的起因、内涵与特点,系统研究了销售人员管理控制方式与选择。 |
| ● |
| 相关链接 |
|
|
|
正题名:销售人员管理控制
索取号:F274/L898
 
预约/预借
| 序号 | 登录号 | 条形码 | 馆藏地/架位号 | 状态 | 备注 |
| 1 | 730674 | 207306743 | 社科库409/409社科库 93排3列4层/ [索取号:F274/L898] | 在馆 | |
| 2 | 730675 | 207306752 | 社科库409/409社科库 93排3列4层/ [索取号:F274/L898] | 在馆 | |
| 3 | 730676 | 207306761 | 社科库409/409社科库 93排3列4层/ [索取号:F274/L898] | 在馆 |